[Event "IECC CL5-2009.19 email"]
[Site "IECC email"]
[Date "2009.09.20"]
[Round "?"]
[White "Filgueira, Horacio"]
[Black "Zeik, Steve"]
[Result "0-1"]
[WhiteElo "1431"]
[BlackElo "1566"]
[PlyCount "74"]
[EventDate "2009.??.??"]
[EventType "tourn (corr)"]
[EventRounds "4"]
[SourceTitle "Telechess CBM 137"]
[Source "ChessBase"]
[SourceDate "2010.07.15"]
[SourceVersion "1"]
[SourceVersionDate "2010.07.15"]
[SourceQuality "1"]
[WhiteTeam "Argentina"]
[BlackTeam "US of America"]
[WhiteTeamCountry "ARG"]
[BlackTeamCountry "USA"]

1. d4 Nf6 2. c4 e6 3. Nf3 b6 4. Nc3 Bb7 5. Bg5 h6 6. Bxf6 Qxf6 7. e4 Bb4 8. Bd3 c5 9. e5 Qe7 10. 0-0 cxd4 11. Nb5 Qd8 12. Nbxd4 0-0 13. a3 Be7 14. b4 d6 15. Nb5 dxe5 16. Nxe5 a6 17. Qh5 axb5 18. Rfd1 Qe8 19. cxb5 Bf6 20. Rac1 Bxe5 21. Qxe5 Bd5 22. Rc3 Nd7 23. Qd6 Ra7 24. Rc7 Rxc7 25. Qxc7 Qc8 26. Qd6 Rd8 27. f3 Qb8 28. Qxb8 Rxb8 29. Rc1 Ra8 30. Rc3 Kf8 31. Bc2 Ne5 32. Kf2 Nc4 33. a4 Ke7 34. f4 Kd7 35. Ke2 Rc8 36. Bb3 Nd6 37. Kd2 Ne4+ 0-1

[Event "IECC CL5-2009.19 email"]
[Site "IECC email"]
[Date "2009.09.20"]
[Round "?"]
[White "Zeik, Steve"]
[Black "Romero, Jose Antunez"]
[Result "1/2-1/2"]
[WhiteElo "1588"]
[BlackElo "1407"]
[PlyCount "89"]
[EventDate "2009.??.??"]
[EventType "tourn (corr)"]
[EventRounds "4"]
[SourceTitle "Telechess CBM 137"]
[Source "ChessBase"]
[SourceDate "2010.07.15"]
[SourceVersion "1"]
[SourceVersionDate "2010.07.15"]
[SourceQuality "1"]
[WhiteTeam "US of America"]
[BlackTeam "Spain"]
[WhiteTeamCountry "USA"]
[BlackTeamCountry "ESP"]

1. e4 e5 2. Nf3 Nc6 3. Bb5 Nf6 4. 0-0 d6 5. Re1 Bd7 6. c3 a6 7. Ba4 b5 8. Bb3 h6 9. d4 b4 10. cxb4 Be7 11. a3 exd4 12. Nxd4 0-0 13. Nc3 Nxd4 14. Qxd4 Ng4 15. Nd5 Bh4 16. g3 Be6 17. f3 Ne5 18. Qd1 c6 19. Nf4 Bxb3 20. Qxb3 Bg5 21. Kg2 Re8 22. Nd3 Bxc1 23. Raxc1 Qd7 24. Nxe5 Rxe5 25. Qa4 Rb5 26. Qc2 Rc8 27. Red1 Rh5 28. g4 Rb5 29. Rd5 Qe6 30. Qc4 Qf6 31. Rc2 Rc7 32. Rf5 Qe7 33. a4 Rxf5 34. exf5 d5 35. Qc3 Rc8 36. Qd2 Qd6 37. Rc5 d4 38. b3 d3 39. Rc3 Rd8 40. Rc4 Re8 41. Re4 Rb8 42. a5 Rd8 43. Rc4 Re8 44. Re4 Rd8 45. Rc4 1/2-1/2

[Event "IECC O-2424"]
[Site "IECC email"]
[Date "2006.07.26"]
[Round "?"]
[White "Cordes, John"]
[Black "Zeik, Steve"]
[Result "1/2-1/2"]
[WhiteElo "1602"]
[BlackElo "1580"]
[PlyCount "111"]
[EventDate "2006.??.??"]
[EventType "swiss (corr)"]
[EventRounds "2"]
[SourceTitle "Corr 2020"]
[Source "ChessBase"]
[SourceDate "2019.09.30"]
[SourceVersion "1"]
[SourceVersionDate "2019.09.30"]
[SourceQuality "1"]
[WhiteTeam "Canada"]
[BlackTeam "United States"]
[WhiteTeamCountry "CAN"]
[BlackTeamCountry "USA"]

1. d4 Nf6 2. c4 g6 3. Nc3 Bg7 4. e4 d6 5. Nf3 0-0 6. Be2 e5 7. 0-0 Nc6 8. d5 Ne7 9. Ne1 Nd7 10. Be3 f5 11. f3 f4 12. Bf2 g5 13. Nb5 b6 14. b4 a6 15. Nc3 Rf7 16. a4 Rb8 17. c5 bxc5 18. bxc5 Bf8 19. cxd6 cxd6 20. a5 Ng6 21. Na4 h5 22. Ba7 Ra8 23. Bb6 Qf6 24. Rc1 Be7 25. Bf2 Rf8 26. Rc7 Bd8 27. Ra7 Rxa7 28. Bxa7 Bxa5 29. Qb3 Qd8 30. Nc2 Rf7 31. Nb4 Bxb4 32. Qxb4 Qc7 33. Bf2 a5 34. Bb6 axb4 35. Bxc7 Nc5 36. Nxc5 Rxc7 37. Na4 g4 38. Rb1 g3 39. Nb6 h4 40. Nc4 b3 41. Rxb3 Ba6 42. Rb4 Nf8 43. h3 Nd7 44. Kf1 Bxc4 45. Rxc4 Rxc4 46. Bxc4 Kf8 47. Ke1 Ke7 48. Kd2 Kd8 49. Kc2 Kc7 50. Kb3 Nc5+ 51. Kb4 Kb6 52. Bb5 Nb7 53. Bc4 Nd8 54. Bb5 Nf7 55. Bd3 Ng5 56. Bf1 1/2-1/2

[Event "IECC O email"]
[Site "IECC email"]
[Date "2001.05.28"]
[Round "?"]
[White "Fombonne, Stephane"]
[Black "Zeik, Steve"]
[Result "0-1"]
[WhiteElo "1400"]
[BlackElo "1544"]
[PlyCount "31"]
[EventDate "2001.??.??"]
[EventType "tourn (corr)"]
[EventRounds "6"]
[SourceTitle "Corr 2008"]
[Source "ChessBase"]
[SourceDate "2008.06.24"]
[SourceVersion "1"]
[SourceVersionDate "2008.06.24"]
[SourceQuality "1"]

1. Nf3 d5 2. g3 Nf6 3. Bg2 Bf5 4. 0-0 e6 5. d3 h6 6. Nbd2 Nbd7 7. Re1 Nc5 8. c3 a5 9. Qc2 Be7 10. b4 axb4 11. cxb4 Na6 12. a3 Nxb4 13. Qb2 Na6 14. Qxb7 0-0 15. Bb2 Nc5 16. Qc6 0-1

[Event "IECC O email"]
[Site "IECC email"]
[Date "2000.12.31"]
[Round "?"]
[White "Zeik, Steve"]
[Black "Whalen, William"]
[Result "1-0"]
[WhiteElo "1530"]
[BlackElo "1500"]
[PlyCount "57"]
[EventDate "2000.??.??"]
[EventType "tourn (corr)"]
[EventRounds "6"]
[SourceTitle "Corr 2008"]
[Source "ChessBase"]
[SourceDate "2008.06.24"]
[SourceVersion "1"]
[SourceVersionDate "2008.06.24"]
[SourceQuality "1"]

1. e4 d6 2. d4 Nf6 3. Nc3 g6 4. f4 Bg7 5. Nf3 c5 6. Bb5+ Bd7 7. e5 Ng4 8. e6 Bxb5 9. exf7+ Kf8 10. Nxb5 Qa5+ 11. Nc3 cxd4 12. Nxd4 Kxf7 13. Qxg4 Bxd4 14. Bd2 Nc6 15. 0-0-0 e6 16. Rhe1 Rae8 17. Kb1 Qb6 18. Qf3 Re7 19. Bc1 Ke8 20. g4 Rf8 21. Qd3 d5 22. Ne2 Bc5 23. Ng3 Bd6 24. Rf1 Qc7 25. f5 gxf5 26. gxf5 Nb4 27. Qb3 Bxg3 28. hxg3 a5 29. a3 1-0